Nghiên cứu chế tạo vật liệu Composite tương hợp sinh học ứng dụng cho y sinh : Báo cáo tổng kết đề tài nghiên cứu khoa học của sinh viên
Nghiên cứu các điều kiện tối ưu trong quy trình điều chế HA từ xương bò và quy trình chế tạo vật liệu composite cốt liệu HA.
Uloženo v:
| Hlavní autor: | |
|---|---|
| Médium: | Kniha |
| Jazyk: | Undetermined |
| Vydáno: |
Cần Thơ
Trường Đại học Cần Thơ
2015
|
| Témata: | |
| Tagy: |
Přidat tag
Žádné tagy, Buďte první, kdo otaguje tento záznam!
|
| Thư viện lưu trữ: | Trung tâm Học liệu Trường Đại học Cần Thơ |
|---|
| LEADER | 01173nam a2200229Ia 4500 | ||
|---|---|---|---|
| 001 | CTU_210279 | ||
| 008 | 210402s9999 xx 000 0 und d | ||
| 082 | |a 620.118 | ||
| 082 | |b M312 | ||
| 088 | |a TSV2015-02 | ||
| 100 | |a Mã, Nhựt Minh | ||
| 245 | 0 | |a Nghiên cứu chế tạo vật liệu Composite tương hợp sinh học ứng dụng cho y sinh : | |
| 245 | 0 | |b Báo cáo tổng kết đề tài nghiên cứu khoa học của sinh viên | |
| 245 | 0 | |c Mã Nhựt Minh ; Hồ Quốc Phong (hướng dẫn) | |
| 260 | |a Cần Thơ | ||
| 260 | |b Trường Đại học Cần Thơ | ||
| 260 | |c 2015 | ||
| 520 | |a Nghiên cứu các điều kiện tối ưu trong quy trình điều chế HA từ xương bò và quy trình chế tạo vật liệu composite cốt liệu HA. | ||
| 650 | |a Composite materials,Composite materials,Vật liệu Composite,Vật liệu Composite | ||
| 650 | |x Design,Mechanical properties,Thiết kế,Tính chất cơ học | ||
| 904 | |i trần hoàng phúc,Qhieu | ||
| 980 | |a Trung tâm Học liệu Trường Đại học Cần Thơ | ||